000 00703nam a22001337a 4500
040 _cRUA
082 _aFOR EK 2012 B142 Or.1
100 _aEK, DARA.
245 _aStudy on the potential of Eco-tourism in preah romkel commune thalabarivat district stung treng province, សិក្សាពីសក្តានុពលទេសចរណ៍ធម្មជាតិនៅក្នុងឃុំព្រះរំកិល ស្រុកថាឡាបរិវ៉ាត ខេត្តស្ទឹងត្រែង
260 _aPhnom Penh
_bRUA
_c2012
300 _aix; 40p.
_bill.
_c29cm.
856 _uhttps://drive.google.com/file/d/14eVqvC2ivfwdehnYW5NmUnj2VLooEHyL/view?usp=sharing
942 _cFOR
999 _c3435
_d3435